[Event "GBR-ch75"]
[Site "Blackpool"]
[Date "1988.08.12"]
[Round "11.21"]
[White "Crawley, Gavin"]
[Black "Quillan, Gary"]
[Result "0-1"]
[WhiteElo "2380"]
[BlackElo "2255"]
[PlyCount "72"]
[EventDate "1988.08.01"]
[EventType "swiss"]
[EventRounds "11"]
[EventCountry "GBR"]
[SourceTitle "BritBase12Sep20"]
[Source "John Saunders"]
[SourceDate "2020.09.12"]
[SourceVersion "1"]
[SourceVersionDate "2020.09.12"]
[SourceQuality "1"]

1. e4 e6 2. b3 b6 3. Be2 Bb7 4. Bf3 c5 5. Bb2 Nc6 6. Ne2 d6 7. d4 cxd4 8. Nxd4
Ne5 9. Bh5 Ng6 10. Nd2 Nf6 11. Bxg6 hxg6 12. Qe2 Rc8 13. O-O-O Qc7 14. c4 Be7
15. Kb1 a6 16. h4 e5 17. Nc2 b5 18. f3 a5 19. Ne3 Nh5 20. Nd5 Bxd5 21. cxd5 Qb6
22. Nf1 Rc7 23. g3 a4 24. f4 axb3 25. axb3 O-O 26. fxe5 Ra8 27. exd6 Bxd6 28.
e5 Qa5 29. Bd4 Bc5 30. Qd2 b4 31. Qb2 Bxd4 32. Rxd4 Rc3 33. Nd2 Qc5 34. Rc4
Qxd5 35. Rc1 Rd8 36. Rxb4 Qd3+ 0-1

[Event "GBR-ch75"]
[Site "Blackpool"]
[Date "1988.08.12"]
[Round "11.25"]
[White "Giulian, Philip Maurice"]
[Black "Cooper, Lawrence"]
[Result "1/2-1/2"]
[WhiteElo "2265"]
[BlackElo "2335"]
[PlyCount "45"]
[EventDate "1988.08.01"]
[EventType "swiss"]
[EventRounds "11"]
[EventCountry "GBR"]
[SourceTitle "BritBase12Sep20"]
[Source "John Saunders"]
[SourceDate "2020.09.12"]
[SourceVersion "1"]
[SourceVersionDate "2020.09.12"]
[SourceQuality "1"]

1. d4 d5 2. c4 dxc4 3. e3 Nf6 4. Bxc4 e6 5. Nf3 c5 6. O-O a6 7. Bd3 Nc6 8. Nc3
cxd4 9. exd4 Nb4 10. Bg5 Nxd3 11. Qxd3 Be7 12. Rac1 O-O 13. Ne5 Nd5 14. Bxe7
Nxe7 15. Rfd1 Bd7 16. Qe4 Bc6 17. Nxc6 Nxc6 18. d5 exd5 19. Nxd5 Qe8 20. Qc4
Qe6 21. Re1 Qd6 22. Rcd1 Rfe8 23. Rxe8+ 1/2-1/2